Văn hóa dân gian gắn liền với nghề làm rẫy của người Bana Kriêm - Bình Định Khảo cứu

Sparad:
Bibliografiska uppgifter
Huvudupphovsman: Yang, Danh
Övriga upphovsmän: Hội Văn nghệ dân gian Việt Nam
Materialtyp: Bok
Språk:Undetermined
Publicerad: H. Hội nhà văn 2019
Ämnen:
Länkar:http://lrc.tdmu.edu.vn/opac/search/detail.asp?aID=2&ID=40825
Taggar: Lägg till en tagg
Inga taggar, Lägg till första taggen!
Thư viện lưu trữ: Trung tâm Học liệu Trường Đại học Thủ Dầu Một
LEADER 00855nam a2200217Ia 4500
001 TDMU_40825
008 210410s9999 xx 000 0 und d
082 |a 895.92234 
090 |b L250 
100 |a Yang, Danh 
245 0 |a Văn hóa dân gian gắn liền với nghề làm rẫy của người Bana Kriêm - Bình Định 
245 0 |b Khảo cứu 
245 0 |c Yang Dan 
260 |a H. 
260 |b Hội nhà văn 
260 |c 2019 
300 |a 249 tr. 
650 |a Văn hóa dân gian  |x Dân tộc Bana Kriêm  |z Bình Định (Việt Nam); Dân tộc Bana Kriêm  |x Văn hóa  |x Nghiên cứu 
700 |a Hội Văn nghệ dân gian Việt Nam 
856 |u http://lrc.tdmu.edu.vn/opac/search/detail.asp?aID=2&ID=40825 
980 |a Trung tâm Học liệu Trường Đại học Thủ Dầu Một